Enlargement of ASEAN - Statistics

General Stats
  • This quiz has been taken 25 times
  • The average score is 23 of 24
Answer Stats
Year Status Country % Correct
2005 Dialogue Partner Australia
100%
1984 Member Brunei Darussalam
100%
1999 Member Cambodia
100%
2005 Dialogue Partner China
100%
1967 Member Indonesia
100%
2005 Dialogue Partner Japan
100%
1997 Member Laos
100%
1967 Member Malaysia
100%
1997 Member Myanmar
100%
2005 Dialogue Partner New Zealand
100%
1967 Member Philippines
100%
1967 Member Singapore
100%
1967 Member Thailand
100%
2022 Observer Timor-Leste
100%
1995 Member Vietnam
100%
2005 Dialogue Partner India
94%
2005 Dialogue Partner South Korea
94%
2010 Dialogue Partner USA
94%
Potential Member Bangladesh
89%
1976 Observer Papua New Guinea
89%
Potential Member Sri Lanka
83%
Potential Member Palau
78%
2010 Dialogue Partner Russia
78%
Potential Member Fiji
61%
No matching quizzes found
Score Distribution
Percent of People with Each Score
Percentile by Number Answered
Your Score History
You have not taken this quiz